| 000 | 00400 a2200121 4500 | ||
|---|---|---|---|
| 001 | ART_11544 | ||
| 005 | 20260410161858.0 | ||
| 008 | 260409a | ||
| 245 | 1 | 0 | _aTax incentives and charitable contributions in the United States |
| 100 | 1 | _aFeldstein, Martin | |
| 700 | 1 | _aClotfelter, Charles | |
| 773 | 0 |
_tJournal of public economics _g- Vol. 5, NÂș 1/2 (ene./feb. 1976) _wREV11485 |
|
| 999 |
_c25625 _d25625 |
||